000 nam a22 a 4500
999 _c155189
_d155189
003 BLK
005 20230405094247.0
008 180410b bul|||||r ||||||| ||bul||
010 _aKNG00161863000
040 _aBLK
041 _aBUL
_cBUL
072 7 _2bullib
_aС
_xСтаропечатен фонд
080 _aСчетоводство. Счетоводни системи и операции, водене на сметките, журнал-ордер и др.
_b657
_x:339
_z657:339
080 _aТърговска дейност. Предмет на търговска дейност. Търговски пълномощия. Търговско счетоводство.
_b347.71
_z347.71
100 1 _aГранж, Едмонд де
_eпърви автор
_9332734
139 _aГранж, Едмонд де
_bГ 77
245 1 0 _aРъководство за дръжание тръговски книги (тевтери)
_cЕдмонд де Гранж ; прев. Стоян Веженов.
257 _aFRA
260 _aПловдив и др.
_bкниж. Христо Г. Данов
_c1873
_fВиена : У печатница Л. Сомер и др.
300 _aХVІ, 308 с.
_c23 см
_e4 л. табл.
380 _a62
500 _aДар от Никола Даков.
650 4 _aСчетоводна отчетност - наръчници и ръководства
_9247136
650 0 _aСчетоводство, търговско - наръчници и ръководства
_9298303
653 7 _aтърговия
_9198844
653 7 _aсчетоводство
_9197765
659 _aС
700 1 _aВеженов, Стоян Делчев
_eпрев.
_9381075
852 _aЦб Ст 1014*1533
_bСТ
856 4 _qpdf
_i0.00
_ldisable
856 4 _qpdf
_i0.00
_ldisable
942 _cKNG
_n0
_s1
944 _aCR
_c10.06.2014
_kХристина_Везирева
944 _aCR
_c2023-04-04
_kКети
999 _d155189
999 _d155189